000 00720nam a2200289Ia 4500
005 20260324132018.0
008 008 260324s9999 xx 000 0 eng d
020 _a9781315632575
037 _aEBOOK
040 _aCRL
040 _beng
040 _cCRL
041 _2eng
041 _aeng
084 _qCRL
100 _aHenry M. Levin; Clive R Belfield
_91187697
245 0 _aPrivatizing Educational Choice
245 0 _bConsequences for Parents, Schools, and Public Policy
260 _bTaylor and Francis
260 _c2005
365 _a
365 _b280
856 _uhttp://www.taylorfrancis.com/books/9781315632575
942 _cEBOOK
999 _c1785363
_d1785363